Podnikateľské právo

Salvato in:
Dettagli Bibliografici
Autore principale: Krošlák, Daniel
Altri autori: Nevolná, Zuzana, Olšovská, Andrea
Natura: Libro
Lingua:slovacco
Pubblicazione: Bratislava Wolters Kluwer 2014
Soggetti:
Tags: Aggiungi Tag
Nessun Tag, puoi essere il primo ad aggiungerne!!

MARC

LEADER 00000nam a2200000 4500
001 0204260
005 20240226122753.1
020 |a 978-80-8168-045-8 
041 0 |a slo 
044 |a SK 
245 1 0 |a Podnikateľské právo  |c Daniel Krošlák, Zuzana Nevolná, Andrea Olšovská 
264 1 |a Bratislava  |b Wolters Kluwer  |c 2014 
300 |a 288 s. 
610 2 0 |a podnikanie 
610 2 0 |a právo obchodné 
610 2 0 |a register obchodný 
610 2 0 |a súťaž nekalá 
610 2 0 |a reklama klamlivá 
610 2 0 |a podnikanie živnostenské 
610 2 0 |a živnosti 
610 2 0 |a spoločnosti obchodné 
610 2 0 |a družstvá 
610 2 0 |a vzťahy obchodné záväzkové 
610 2 0 |a zmluvy obchodné 
610 2 0 |a vzťahy pracovnoprávne 
610 2 0 |a právo pracovné 
100 1 |a Krošlák, Daniel 
700 1 |a Nevolná, Zuzana 
700 1 |a Olšovská, Andrea